La huelga bananera 1934

সংরক্ষণ করুন:
গ্রন্থ-পঞ্জীর বিবরন
প্রধান লেখক: Ferreto, Arnoldo
বিন্যাস: পাঠ‍্য
প্রকাশিত: s.l.: s.e.
ট্যাগগুলো: ট্যাগ যুক্ত করুন
কোনো ট্যাগ নেই, প্রথমজন হিসাবে ট্যাগ করুন!

MARC

LEADER 00000 a a2200000 04500
001 24247
003
040
090 |a 166100  
100 |a Ferreto, Arnoldo  
245 |a La huelga bananera 1934  
260 |a s.l.:   |b s.e.  
300 |a 20 p.   |b il.  
999 |c 11568  |d 11568